[Event "Nizhnij Novgorod-ch 60th"]
[Site "Nizhnij Novgorod"]
[Date "2008.05.??"]
[Round "?"]
[White "Mukhametzianov, Alfred"]
[Black "Vorontsov, Anatoly"]
[Result "0-1"]
[WhiteElo "2065"]
[BlackElo "2152"]
[PlyCount "60"]
[EventDate "2008.03.??"]
[EventType "swiss"]
[EventRounds "9"]
[EventCountry "RUS"]
[SourceTitle "EXT 2010"]
[Source "ChessBase"]
[SourceDate "2010.11.25"]
[SourceVersion "1"]
[SourceVersionDate "2010.11.25"]
[SourceQuality "1"]

1. e4 c5 2. Nc3 d6 3. g3 e5 4. Bg2 Nf6 5. d3 Be7 6. f4 exf4 7. Bxf4 Nc6 8. Nge2 0-0 9. Qd2 Bd7 10. 0-0-0 b5 11. Rdg1 Qa5 12. Kb1 Rfc8 13. g4 Be6 14. g5 Ng4 15. h4 Rab8 16. Bh3 Nge5 17. Bxe6 fxe6 18. Qe3 b4 19. Nd1 c4 20. d4 b3 21. dxe5 bxc2+ 22. Kxc2 Nb4+ 23. Kc1 Nxa2+ 24. Kb1 c3 25. Nexc3 Nxc3+ 26. Nxc3 Rxc3 27. Qd4 Rxb2+ 28. Kxb2 Qa3+ 29. Kb1 Qb3+ 30. Ka1 Rc2 0-1

[Event "Nizhnij Novgorod-ch 60th"]
[Site "Nizhnij Novgorod"]
[Date "2008.04.??"]
[Round "?"]
[White "Mukhametzianov, Alfred"]
[Black "Vardanian, Gurgen"]
[Result "1-0"]
[WhiteElo "2065"]
[BlackElo "1742"]
[PlyCount "27"]
[EventDate "2008.03.??"]
[EventType "swiss"]
[EventRounds "9"]
[EventCountry "RUS"]
[SourceTitle "EXT 2010"]
[Source "ChessBase"]
[SourceDate "2010.11.25"]
[SourceVersion "1"]
[SourceVersionDate "2010.11.25"]
[SourceQuality "1"]

1. e4 c6 2. d4 d5 3. e5 Bf5 4. Nf3 e6 5. a3 Nd7 6. Nbd2 c5 7. dxc5 Bxc5 8. b4 Bb6 9. c4 Bg4 10. Bb2 Qc7 11. c5 Nxe5 12. cxb6 Nxf3+ 13. gxf3 Qxb6 14. fxg4 1-0

[Event "Kazan-ch"]
[Site "Kazan"]
[Date "2006.12.03"]
[Round "8"]
[White "Sadykov, Mars"]
[Black "Mukhametzianov, Alfred"]
[Result "1-0"]
[WhiteElo "2169"]
[BlackElo "2060"]
[PlyCount "81"]
[EventDate "2006.11.21"]
[EventType "swiss"]
[EventRounds "11"]
[EventCountry "RUS"]
[SourceTitle "EXT 2019"]
[Source "ChessBase"]
[SourceDate "2018.10.10"]
[SourceVersion "1"]
[SourceVersionDate "2018.10.10"]
[SourceQuality "1"]

1. e4 g6 2. f4 Bg7 3. Nf3 c6 4. d4 d5 5. e5 h5 6. c4 Bg4 7. Nc3 Nh6 8. cxd5 cxd5 9. Bb5+ Nc6 10. 0-0 0-0 11. Qa4 Bxf3 12. Rxf3 e6 13. Bxc6 bxc6 14. Qxc6 Nf5 15. Rd3 Qh4 16. Bd2 Rfc8 17. Qa6 Rc4 18. Ne2 g5 19. Rf1 g4 20. g3 Qe7 21. b3 Rc2 22. Rc1 Rac8 23. Rxc2 Rxc2 24. Kf2 Bf8 25. b4 Rc4 26. a3 Rc2 27. Qa4 Qc7 28. Qb3 Qc4 29. Ke1 Qxb3 30. Rxb3 Ra2 31. Kd1 Be7 32. Rd3 Kh7 33. Nc1 Rb2 34. Rb3 Rxb3 35. Nxb3 Bd8 36. Ke2 Kg6 37. Be1 Ne7 38. b5 Nc8 39. Kd3 h4 40. a4 Ne7 41. a5 1-0

[Event "Kazan-ch"]
[Site "Kazan"]
[Date "2006.12.02"]
[Round "7"]
[White "Zlachevskiy, Leonid"]
[Black "Mukhametzianov, Alfred"]
[Result "0-1"]
[WhiteElo "2177"]
[BlackElo "2060"]
[PlyCount "60"]
[EventDate "2006.11.21"]
[EventType "swiss"]
[EventRounds "11"]
[EventCountry "RUS"]
[SourceTitle "EXT 2019"]
[Source "ChessBase"]
[SourceDate "2018.10.10"]
[SourceVersion "1"]
[SourceVersionDate "2018.10.10"]
[SourceQuality "1"]

1. Nf3 g6 2. e4 Bg7 3. d4 c6 4. Bd3 d5 5. e5 Nh6 6. 0-0 0-0 7. Re1 b6 8. Nbd2 Na6 9. c3 Nc7 10. Nf1 Ne6 11. Ng3 f6 12. exf6 exf6 13. Bd2 Nf7 14. h4 f5 15. h5 Neg5 16. hxg6 hxg6 17. Nh4 Nh3+ 18. gxh3 Qxh4 19. Qf3 Bh6 20. Bxh6 Qxh6 21. Bf1 f4 22. Nh1 Ng5 23. Qe2 Nxh3+ 24. Bxh3 Bxh3 25. f3 Qg5+ 26. Kh2 Qh4 27. Qf2 Qh6 28. Re5 Rf7 29. Kg1 Rh7 30. Rae1 Qf8 0-1